| 000 | 01648cam a2200373 a 4500 | ||
|---|---|---|---|
| 001 | 15042122 | ||
| 005 | 20080505144018.0 | ||
| 008 | 071012s2008 nyua b 001 0 eng | ||
| 010 | _a 2007042459 | ||
| 015 |
_aGBA725801 _2bnb |
||
| 016 | 7 |
_a013708738 _2Uk |
|
| 020 | _a0071488987 (alk. paper) | ||
| 020 | _a9780071488983 (alk. paper) | ||
| 035 | _a(OCoLC)ocn123113352 | ||
| 035 | _a(OCoLC)123113352 | ||
| 040 |
_aDLC _cDLC _dYDX _dUKM _dBAKER _dBTCTA _dJED _dYDXCP _dVP@ _dDLC |
||
| 050 | 0 | 0 |
_aTK454 _b.M397 2008 |
| 082 | 0 | 0 |
_a621.3192 _222 _bMCM |
| 100 | 1 |
_aMcMahon, David _q(David M.) _94038 |
|
| 245 | 1 | 0 |
_aCircuit analysis demystified / _cDavid McMahon. |
| 260 |
_aNew York : _bMcGraw Hill, _cc2008. |
||
| 300 |
_axi, 288 p. : _bill. ; _c24 cm. |
||
| 490 | 1 | _aDemystified series | |
| 500 | _aIncludes Index. | ||
| 504 | _aIncludes bibliographical references (p. [281]) and index. | ||
| 650 | 0 |
_aElectric circuit analysis. _94039 |
|
| 830 | 0 |
_aMcGraw-Hill "Demystified" series. _94040 |
|
| 856 | 4 | 2 |
_3Contributor biographical information _uhttp://www.loc.gov/catdir/enhancements/fy0833/2007042459-b.html |
| 856 | 4 | 2 |
_3Publisher description _uhttp://www.loc.gov/catdir/enhancements/fy0833/2007042459-d.html |
| 856 | 4 | 1 |
_3Table of contents only _uhttp://www.loc.gov/catdir/enhancements/fy0833/2007042459-t.html |
| 942 |
_2ddc _cBB |
||
| 999 |
_c11380 _d11380 |
||